LEADER 01395nam a2200325 u 4500 001 000000022915 003 CaOOAMICUS 005 20101014160725.0 008 950424s1970 fr u000 u fre u 035 $a10576733 040 $aBAV-R2$bita$dEFR$dBAV$dPUL 041 1 $afre$agrc 082 04$a880 100 0 $aXenophon,$d427/26-c. 353 a.C.$0(OLS)http://pul/name/17032 240 10$aCynegeticus$9(Xenophon, 427/26-c. 353 a.C.).$lFrancese e greco.$0(OLS)http://pul/title/31907 245 12$aL'art de la chasse /$ctexte établi et traduit par Edouard Delebecque. 260 $aParis :$bLes Belles Lettres,$c1970. 300 $a161 p. ;$c21 cm 490 1 $aCollection des universités de France 546 $aGreek and French on opposite pages with repeated pagination. 700 1 $aDelebecque, Édouard.$0(OLS)http://pul/name/19409 830 0$aCollection des universités de France.$0(OLS)http://pul/title/1172 850 $aPUL 852 $aPUL$W1$xSL Cons. Gen., Altre Classi 3$y75$m880 COLL 3.XEN.2$j32128$nBK-PRI$qDDC 21$B32128$CPULBib$Z2$F32128 $H80736 $82 900 $aSenofonte,$d427/26-c. 353 a.C.$917032 941 1 $a9 996 $6082$a880$9(OLS)http://pul/classification/674 996 $6245$aL'art de la chasse$9(OLS)http://pul/title/31908 996 $6260$aParis :$bLes Belles Lettres$9(OLS)http://pul/publisher/48357 LEADER 01693nam a2200349 a 4500 001 000000172694 003 CaOOAMICUS 005 20190930085728.0 008 190930s2018 it 100 u ita r 020 $a978-88-5754-573-8* 032 $aLibriCat 040 $aPUL$bita 082 04$a142.7 100 1 $aCrivella, Giuseppe.$0(OLS)http://pul/name/110904 245 10$aVerso le matrici antepredicative della fenomenologia trascendentale : $bdalle Logische Untersuchungen ad Ideen II /$cCrivella Giuseppe ; postfazione di Pierre Rodrigo. 260 $aMilano ; Udine :$bMimesis,$c©2018. 300 $a353 ;$c21 cm 490 1 $a Mimesis. Consonanze e dissonanze ;$v12 504 $aBibliografia in nota e alle p. 345-353. 600 14$aHusserl, Edmund,$d1859-1938$tIdeen II.$0(OLS)http://pul/subject/46132 650 04$aHusserl, Edmund,$d1859-1938$tLogische Untersuchungen.$0(OLS)http://pul/subject/46133 650 4$aFenomenologia.$0(OLS)http://pul/subject/1230 700 1 $aRodrigo, Pierre.$0(OLS)http://pul/name/91493 830 0$aConsonanze e dissonanze (Mimesis) ;$v12.$0(OLS)http://pul/title/145197 850 $aPUL 852 $aPUL$W1$xSL Filosofia 3$y81$m142. 7 CRIGI 1$j196639$qDDC 21$B201413$CPULBib$Z2$F201413 $H133528 $81 941 1 $a9 996 $6020$a978-88-5754-573-8*$9(OLS)http://pul/number/166752 996 $6082$a142.7$9(OLS)http://pul/classification/1839 996 $6245$aVerso le matrici antepredicative della fenomenologia trascendentale : $bdalle Logische Untersuchungen ad Ideen II$9(OLS)http://pul/title/213687 996 $6260$aMilano ; Udine :$bMimesis$9(OLS)http://pul/publisher/81060